Olympischer Medaillenspiegel - Golf - Statistiken

Allgemein
  • Dieses Quiz wurde 54 mal gespielt
    7 seit der letzten Aktualisierung
  • Das Durchschnittsergebnis liegt bei 5 aus 11
Antwortstatistiken
Gesamt Gold Silber Bronze Land % Korrekt
1 0 1 0 Deutschland
100%
14 6 3 5 Vereinigte Staaten
100%
1 0 1 0 Japan
71%
2 0 0 2 China
57%
4 1 2 1 Großbritannien
57%
1 1 0 0 Kanada
57%
1 0 1 0 Schweden
43%
1 1 1 1 Neuseeland
29%
1 1 0 0 Südkorea
29%
1 0 1 0 Slowakei
0%
1 0 0 1 Taiwan
0%
Keine übereinstimmenden Quizze gefunden
Verteilung der Resultate
Anzahl Personen mit jedem Resultat
Perzentil nach korrekt beantworteten Fragen
Ihre Resultats-Entwicklung
Sie haben dieses Quiz seit der letzten Aktualisierung nicht gespielt